<?xml version="1.0" encoding="UTF-8"?>
<record
    xmlns:xsi="http://www.w3.org/2001/XMLSchema-instance"
    xsi:schemaLocation="http://www.loc.gov/MARC21/slim http://www.loc.gov/standards/marcxml/schema/MARC21slim.xsd"
    xmlns="http://www.loc.gov/MARC21/slim">

  <leader>05023nam a2200409 a 4500</leader>
  <controlfield tag="003">CHAP</controlfield>
  <controlfield tag="005">20250618112239.0</controlfield>
  <controlfield tag="007">ta</controlfield>
  <controlfield tag="008">250610s2025    mx ado|fsm||| 001 0 spa d</controlfield>
  <datafield tag="040" ind1=" " ind2=" ">
    <subfield code="e">rda</subfield>
  </datafield>
  <datafield tag="041" ind1=" " ind2=" ">
    <subfield code="a">spa</subfield>
    <subfield code="b">eng</subfield>
  </datafield>
  <datafield tag="100" ind1="1" ind2=" ">
    <subfield code="a">Ort&#xED;z Miranda, America Jacqueline</subfield>
    <subfield code="9">190599</subfield>
  </datafield>
  <datafield tag="240" ind1=" " ind2=" ">
    <subfield code="a">Sensory perceptions, conceptualization, and economic valuation of pulque and maguey pulquero.</subfield>
    <subfield code="l">Espa&#xF1;ol</subfield>
  </datafield>
  <datafield tag="245" ind1="1" ind2=" ">
    <subfield code="a">Percepciones sensoriales, conceptualizaci&#xF3;n y valoraci&#xF3;n econ&#xF3;mica del pulque y maguey pulquero /</subfield>
    <subfield code="c">America Jacqueline Ort&#xED;z Miranda y Erandi S&#xE1;nchez Garc&#xED;a</subfield>
  </datafield>
  <datafield tag="264" ind1=" " ind2=" ">
    <subfield code="a">Chapingo, M&#xE9;xico :</subfield>
    <subfield code="b">El autor,</subfield>
    <subfield code="c">2025</subfield>
  </datafield>
  <datafield tag="300" ind1=" " ind2=" ">
    <subfield code="a">1 recurso en l&#xED;nea (88 p&#xE1;ginas) :</subfield>
    <subfield code="b">ilustraciones, gr&#xE1;ficas, tablas, fotos</subfield>
  </datafield>
  <datafield tag="336" ind1=" " ind2=" ">
    <subfield code="2">rdacontent</subfield>
    <subfield code="a">texto</subfield>
    <subfield code="b">txt</subfield>
  </datafield>
  <datafield tag="337" ind1=" " ind2=" ">
    <subfield code="2">rdamedia</subfield>
    <subfield code="a">computadora</subfield>
    <subfield code="b">c</subfield>
  </datafield>
  <datafield tag="338" ind1=" " ind2=" ">
    <subfield code="2">rdacarrier</subfield>
    <subfield code="a">recurso en l&#xED;nea</subfield>
    <subfield code="b">cr</subfield>
  </datafield>
  <datafield tag="502" ind1=" " ind2=" ">
    <subfield code="a">Tesis</subfield>
    <subfield code="b">IA</subfield>
    <subfield code="c">Agroindustrias</subfield>
    <subfield code="d">2025</subfield>
    <subfield code="g">LIC</subfield>
  </datafield>
  <datafield tag="504" ind1=" " ind2=" ">
    <subfield code="a">Bibliograf&#xED;a: p&#xE1;ginas 82-88</subfield>
  </datafield>
  <datafield tag="520" ind1="3" ind2=" ">
    <subfield code="a">El maguey pulquero (Agave salmiana) es una planta milenaria y multifuncional cuyo aprovechamiento ha sido fundamental en la cultura y econom&#xED;a de Mesoam&#xE9;rica. Su principal producto, el pulque, es una bebida obtenida mediante la fermentaci&#xF3;n del
aguamiel, reconocida por su relevancia cultural y sus propiedades sensoriales &#xFA;nicas.
Esta investigaci&#xF3;n tuvo como objetivo caracterizar las percepciones sensoriales, las
conceptualizaciones asociadas y la disposici&#xF3;n a pagar por productos derivados del
maguey en tres regiones de M&#xE9;xico: Norte, Centro y Sur. Para ello, se implementaron
m&#xE9;todos como el Perfil Flash, experimentos de elecci&#xF3;n discreta y an&#xE1;lisis conceptual.
Los resultados muestran diferencias significativas en las conceptualizaciones del maguey
y el pulque entre regiones. En el Norte predominan aspectos sensoriales y utilitarios; en
el Centro, una mayor diversidad conceptual integra significados simb&#xF3;licos y funcionales;
mientras que en el Sur se priorizan aspectos productivos, emocionales y de salud.
Adem&#xE1;s, los consumidores valoran positivamente los m&#xE9;todos de producci&#xF3;n
tradicionales, aunque la protecci&#xF3;n de origen no influye significativamente en sus
decisiones de compra. La disposici&#xF3;n a pagar fue moderada, con mayor sensibilidad al
precio en grupos con preferencias econ&#xF3;micas m&#xE1;s marcadas.
El estudio concluye que las percepciones y valores asociados al maguey y sus productos
var&#xED;an seg&#xFA;n factores culturales, econ&#xF3;micos y geogr&#xE1;ficos, subrayando la importancia
de preservar y promover estas tradiciones como parte del patrimonio cultural mexicano. --</subfield>
  </datafield>
  <datafield tag="520" ind1="3" ind2=" ">
    <subfield code="a">Maguey pulquero (Agave salmiana) is an ancient and multifunctional plant whose use has
been essential to the culture and economy of Mesoamerica. Its main product, pulque, is
a beverage obtained through the fermentation of aguamiel, renowned for its cultural
significance and unique sensory properties. This research aimed to characterize the
sensory perceptions, conceptualizations, and willingness to pay for maguey-derived
products in three Mexican regions: North, Central, and South. Methods such as flash
profiling, discrete choice experiments, and conceptual analysis were employed.
Results revealed significant differences in the conceptualizations of maguey and pulque
across regions. In the North, sensory and utilitarian aspects predominate; in the Central
region, a greater conceptual diversity integrates symbolic and functional meanings; while
in the South, productive, emotional, and health-related aspects are prioritized.
Additionally, consumers favor traditional production methods, although geographical
origin protection does not significantly influence purchase decisions. Willingness to pay
was moderate, with heightened price sensitivity among economically-driven consumer
groups.
The study concludes that perceptions and values associated with maguey and its products
vary according to cultural, economic, and geographic factors, highlighting the importance
of preserving and promoting these traditions as part of Mexico's cultural heritage.</subfield>
  </datafield>
  <datafield tag="650" ind1="1" ind2="3">
    <subfield code="a">Agave salmiana</subfield>
    <subfield code="2">atg</subfield>
    <subfield code="9">1106</subfield>
    <subfield code="x">Savia</subfield>
  </datafield>
  <datafield tag="650" ind1="1" ind2="3">
    <subfield code="a">Bebidas fermentadas</subfield>
    <subfield code="2">atg</subfield>
    <subfield code="9">146807</subfield>
    <subfield code="x">Propiedades rheol&#xF3;gicas</subfield>
  </datafield>
  <datafield tag="650" ind1="1" ind2="3">
    <subfield code="a">Bebidas fermentadas</subfield>
    <subfield code="2">atg</subfield>
    <subfield code="9">146807</subfield>
    <subfield code="x">Propiedades sensoriales</subfield>
  </datafield>
  <datafield tag="650" ind1="1" ind2="3">
    <subfield code="a">Bebidas fermentadas</subfield>
    <subfield code="2">atg</subfield>
    <subfield code="9">146807</subfield>
    <subfield code="x">Disposici&#xF3;n a pagar</subfield>
  </datafield>
  <datafield tag="650" ind1="1" ind2="3">
    <subfield code="a">Agave salmiana</subfield>
    <subfield code="2">atg</subfield>
    <subfield code="9">1106</subfield>
    <subfield code="x">Sap</subfield>
  </datafield>
  <datafield tag="650" ind1="1" ind2="3">
    <subfield code="a">Fermented beverages</subfield>
    <subfield code="2">atg</subfield>
    <subfield code="9">188170</subfield>
    <subfield code="x">Rheological properties</subfield>
  </datafield>
  <datafield tag="650" ind1="1" ind2="3">
    <subfield code="a">Fermented beverages</subfield>
    <subfield code="2">atg</subfield>
    <subfield code="9">188170</subfield>
    <subfield code="x">Sensory properties</subfield>
  </datafield>
  <datafield tag="650" ind1="1" ind2="3">
    <subfield code="a">Fermented beverages</subfield>
    <subfield code="2">atg</subfield>
    <subfield code="9">188170</subfield>
    <subfield code="x">Willingness to pay</subfield>
  </datafield>
  <datafield tag="700" ind1="1" ind2=" ">
    <subfield code="a">Espejel Garc&#xED;a, Anastacio</subfield>
    <subfield code="9">147446</subfield>
    <subfield code="e">director</subfield>
  </datafield>
  <datafield tag="700" ind1="1" ind2=" ">
    <subfield code="a">Barrera Rodr&#xED;guez, Ariadna Isabel</subfield>
    <subfield code="9">163078</subfield>
    <subfield code="e">asesora</subfield>
  </datafield>
  <datafield tag="700" ind1="1" ind2=" ">
    <subfield code="a">Espejel Zaragoza, Jos&#xE9; Alfredo</subfield>
    <subfield code="9">151219</subfield>
    <subfield code="e">asesor</subfield>
  </datafield>
  <datafield tag="856" ind1="4" ind2="0">
    <subfield code="z">DESCARGAR PDF</subfield>
    <subfield code="u">http://10.13.5.2/tesis/tl/1611779-7_Y_1612242-9_ORTIZ_MIRANDA_AMERICA%20JACQUELINE_Y_SANCHEZ_GARCIA_ERANDI.pdf</subfield>
  </datafield>
  <datafield tag="942" ind1=" " ind2=" ">
    <subfield code="2">Clasificaci&#xF3;n Universidad Aut&#xF3;noma Chapingo</subfield>
    <subfield code="c">TD</subfield>
  </datafield>
  <datafield tag="999" ind1=" " ind2=" ">
    <subfield code="c">220581</subfield>
    <subfield code="d">220581</subfield>
  </datafield>
  <datafield tag="952" ind1=" " ind2=" ">
    <subfield code="0">0</subfield>
    <subfield code="1">0</subfield>
    <subfield code="2">local</subfield>
    <subfield code="4">0</subfield>
    <subfield code="7">0</subfield>
    <subfield code="8">TesDigL</subfield>
    <subfield code="a">IA_</subfield>
    <subfield code="b">IA_</subfield>
    <subfield code="c">E_L</subfield>
    <subfield code="d">2025-06-10</subfield>
    <subfield code="e">El autor</subfield>
    <subfield code="l">0</subfield>
    <subfield code="p">1201015535</subfield>
    <subfield code="r">2025-06-10 13:31:00</subfield>
    <subfield code="w">2025-06-10</subfield>
    <subfield code="y">TD</subfield>
  </datafield>
  <datafield tag="952" ind1=" " ind2=" ">
    <subfield code="0">0</subfield>
    <subfield code="1">0</subfield>
    <subfield code="2">local</subfield>
    <subfield code="4">0</subfield>
    <subfield code="7">0</subfield>
    <subfield code="8">TesDigL</subfield>
    <subfield code="a">BD</subfield>
    <subfield code="b">BD</subfield>
    <subfield code="c">E_L</subfield>
    <subfield code="d">2025-06-16</subfield>
    <subfield code="l">0</subfield>
    <subfield code="o">Tesis digital</subfield>
    <subfield code="r">2025-06-16 13:34:26</subfield>
    <subfield code="w">2025-06-16</subfield>
    <subfield code="y">TD</subfield>
  </datafield>
</record>
